LEADER 00996nam a2200193 i 4500 001 000000247862 003 CaOOAMICUS 005 20240205145813.0 008 160210s1893 xx u000 u fre u 013 $a226767 040 $aSeMil$bita 100 1 $aFrançois : de Sales,$c.$0(OLS)http://semarc/name/1031 245 10$aIntroduction a la vie devote. 300 $aLXXI, 366, 205 p., [1] c. di tav. :$bfacs. 773 0 $aFrançois : de Sales $tOeuvres de Saint François de Sales.$bÉd complète d'après les autographes et les éditions originales enrichie de nombreuses pièces inèdites ...$dAnnecy : Imprimerie J. Niérat : [poi] ... Paris ; Librairie catholique Emmanuel Vitte : [poi]... Annecy : Monastère de la Visitation, 1892.$g3$w()14201 850 $aSeMil 852 $aSeMil$W1$xVenegono$y1$m3H V 161 FA$j198208$B198208$CSeMilBibl$Z2$F209382 $8I 996 $6245$aIntroduction a la vie devote$9(OLS)http://semarc/title/137788 LEADER 01364nam a2200301 4500 001 000000350266 003 CaOOAMICUS 005 20220511115423.0 008 220511s2021 it 000 u ita r 020 $a978-88-372-3489-8 040 $aSeMil$bita 100 1 $aGuardini, Romano,$d<1885-1968>.$0(OLS)http://semarc/name/3002 240 10$aEthik.$0(OLS)http://semarc/title/26267 245 10$aEtica :$blezioni all'Università di Monaco (1950-1962) /$cRomano Guardini. 250 $a3. ed 264 3$aBrescia :$bMorcelliana,$c2021. 300 $a218 p. ;$c19 cm 490 1 $aOpere di Romano Guardini. Nuova serie ;$v2 500 $aTraduzione di vari, revisione di Giulio Colombi, Ilario Bertoletti 650 4$aGuardini, Romano <1885-1968> - Etica e morale.$0(OLS)http://semarc/subject/842 650 4$aEtica filosofica.$0(OLS)http://semarc/subject/2011 830 0$aOpere di Romano Guardini. Nuova serie ;$v2.$0(OLS)http://semarc/title/439943 850 $aSeMil 852 $aSeMil$W1$xVenegono$y1$m2RA I 115$j232664$B241319$CSeMilBibl$Z2$F241319 $81 996 $6020$a978-88-372-3489-8$9(OLS)http://semarc/number/295857 996 $6245$aEtica :$blezioni all'Università di Monaco (1950-1962)$9(OLS)http://semarc/title/157489 996 $6264$aBrescia :$bMorcelliana$9(OLS)http://semarc/publisher/29629